Port development (Record no. 117003)

MARC details
000 -LEADER
fixed length control field 01316cam a2200229 4500
001 - CONTROL NUMBER
control field WB4005-20
008 - FIXED-LENGTH DATA ELEMENTS--GENERAL INFORMATION
fixed length control field 040204n2003 000 0 eng u
035 ## - SYSTEM CONTROL NUMBER
System control number (Sirsi) u125041
245 ## - TITLE STATEMENT
Title Port development
260 ## - PUBLICATION, DISTRIBUTION, ETC.
Date of publication, distribution, etc. 2003
490 ## - SERIES STATEMENT
Series statement Associated British Ports News Release
Volume/sequential designation 4 February 2004(1)
520 ## - SUMMARY, ETC.
Summary, etc. The Government's response to the House of Commons' Transport Select Committee report on ports was published last week. The government consider it unacceptable to hold up port expansion until a national ports plan has been formulated. Associated British Ports, who believe that British ports will reach capacity in 2006 welcomed the response. Portswatch, a campaigning network of various environmental pressure groups is against the planned development of new sites for ports, especially within the south east of England. Portswatch's website can be viewed at http://www.foe.co.uk/campaigns/transport/portswatc h. The Government's response can be viewed at: http://www.dft.gov.uk/stellent/groups/dft_shipping /documents/page/dft_shipping_027008.pdf.
590 ## - LOCAL NOTE (RLIN)
Local note WB
590 ## - LOCAL NOTE (RLIN)
Local note WB
650 ## - SUBJECT ADDED ENTRY--TOPICAL TERM
Topical term or geographic name entry element PORTS
650 ## - SUBJECT ADDED ENTRY--TOPICAL TERM
Topical term or geographic name entry element PORTSWATCH
650 ## - SUBJECT ADDED ENTRY--TOPICAL TERM
Topical term or geographic name entry element ASSOCIATED BRITISH PORTS
650 ## - SUBJECT ADDED ENTRY--TOPICAL TERM
Topical term or geographic name entry element PORT EXPANSION
650 ## - SUBJECT ADDED ENTRY--TOPICAL TERM
Topical term or geographic name entry element CONTAINER SHIPPING
690 ## - LOCAL SUBJECT ADDED ENTRY--TOPICAL TERM (OCLC, RLIN)
Topical term or geographic name as entry element TRANSPORT AND COMMUNICATIONS
942 ## - ADDED ENTRY ELEMENTS (KOHA)
Suppress in OPAC 0
Holdings
Withdrawn status Lost status Source of classification or shelving scheme Damaged status Not for loan Home library Current library Shelving location Date acquired Total Checkouts Full call number Barcode Date last seen Copy number Price effective from Koha item type
    Dewey Decimal Classification     London London News article 04/02/2004   WB4005-20 125041-1001 06/08/2019 1 06/08/2019 News article